| 000 | 006140000a22001810004500 | ||
|---|---|---|---|
| 003 | MACL | ||
| 005 | 20211112160756.0 | ||
| 008 | 160504b xxu||||| |||| 00| 0 eng d | ||
| 040 |
_aMACL _cMACL |
||
| 041 | _aHindi | ||
| 082 | _a800 GAR | ||
| 100 |
_aगर्ग, वेदप्रकाश _955128 |
||
| 245 |
_aहिन्दी-सूफी-काव्य _cवेदप्रकाश गर्ग |
||
| 260 |
_bकुसूम प्रकाशन _c2004 _aमुजफफरनगर |
||
| 350 | _a200 | ||
| 650 |
_aकाव्यालोचना _955129 |
||
| 942 |
_cHIN _k800/GAR/L _2ddc |
||
| 999 |
_c17976 _d17976 |
||